I am Ashurbanipal : (Record no. 608540)
[ view plain ]
| 000 -LEADER | |
|---|---|
| fixed length control field | 01572cam a22003377i 4500 |
| 001 - CONTROL NUMBER | |
| control field | 21126102 |
| 003 - CONTROL NUMBER IDENTIFIER | |
| control field | NUST |
| 005 - DATE AND TIME OF LATEST TRANSACTION | |
| control field | 20240304125918.0 |
| 008 - FIXED-LENGTH DATA ELEMENTS--GENERAL INFORMATION | |
| fixed length control field | 190808s2020 nyua b 001 0 eng |
| 010 ## - LIBRARY OF CONGRESS CONTROL NUMBER | |
| LC control number | 2019947905 |
| 020 ## - INTERNATIONAL STANDARD BOOK NUMBER | |
| International Standard Book Number | 9780500480441 |
| Qualifying information | (paperback) |
| 040 ## - CATALOGING SOURCE | |
| Original cataloging agency | DLC |
| Language of cataloging | eng |
| Description conventions | rda |
| Transcribing agency | DLC |
| Modifying agency | DLC |
| 050 00 - LIBRARY OF CONGRESS CALL NUMBER | |
| Classification number | MLCM 2022/46314 (D) |
| 082 ## - DEWEY DECIMAL CLASSIFICATION NUMBER | |
| Classification number | 732.5 |
| Author Mark | ASH |
| 245 00 - TITLE STATEMENT | |
| Title | I am Ashurbanipal : |
| Remainder of title | king of the world, King of Assyria : the BP exhibition / |
| Statement of responsibility, etc. | edited by Gareth Brereton. |
| 250 ## - EDITION STATEMENT | |
| Edition statement | Paperback edition. |
| 264 #1 - PRODUCTION, PUBLICATION, DISTRIBUTION, MANUFACTURE, AND COPYRIGHT NOTICE | |
| Place of production, publication, distribution, manufacture | New York, New York : |
| Name of producer, publisher, distributor, manufacturer | Thames & Hudson, |
| Date of production, publication, distribution, manufacture, or copyright notice | 2018. |
| 300 ## - PHYSICAL DESCRIPTION | |
| Extent | 348 pages : |
| Other physical details | illustrations (some color) ; |
| Dimensions | 28 cm |
| 336 ## - CONTENT TYPE | |
| Content type term | text |
| Content type code | txt |
| Source | rdacontent |
| 337 ## - MEDIA TYPE | |
| Media type term | unmediated |
| Media type code | n |
| Source | rdamedia |
| 338 ## - CARRIER TYPE | |
| Carrier type term | volume |
| Carrier type code | nc |
| Source | rdacarrier |
| 500 ## - GENERAL NOTE | |
| General note | Minimal Level Cataloging Plus. |
| Institution to which field applies | DLC |
| 504 ## - BIBLIOGRAPHY, ETC. NOTE | |
| Bibliography, etc. note | Includes bibliographical references (pages 284-286) and index. |
| 505 2# - FORMATTED CONTENTS NOTE | |
| Formatted contents note | I am Ashurbanipal, king of the world, king of Assyria / Gareth Brereton -- Ashurbanipal's palace at Nineveh / Julian Edgeworth Reade -- Life at court / Paul Collins -- The Assyrian royal hunt / Julian Edgeworth Reade -- Ashurbanipal's library: contents and significance / Irving Finkel. |
| 600 00 - SUBJECT ADDED ENTRY--PERSONAL NAME | |
| Personal name | Ashurbanipal, |
| Titles and other words associated with a name | King of Assyria, |
| Dates associated with a name | active 668 B.C.-627 B.C. |
| Form subdivision | Exhibitions. |
| 9 (RLIN) | 121800 |
| 651 #0 - SUBJECT ADDED ENTRY--GEOGRAPHIC NAME | |
| Geographic name | Assyria |
| General subdivision | Antiquities |
| Form subdivision | Exhibitions. |
| 9 (RLIN) | 121801 |
| 700 1# - ADDED ENTRY--PERSONAL NAME | |
| Personal name | Brereton, Gareth, |
| Relator term | editor. |
| 9 (RLIN) | 121802 |
| 906 ## - LOCAL DATA ELEMENT F, LDF (RLIN) | |
| a | 7 |
| b | cbc |
| c | orignew |
| d | 4 |
| e | ncip |
| f | 20 |
| g | y-gencatlg |
| 942 ## - ADDED ENTRY ELEMENTS (KOHA) | |
| Source of classification or shelving scheme | |
| Koha item type | Book |
| Withdrawn status | Lost status | Source of classification or shelving scheme | Damaged status | Not for loan | Permanent Location | Current Location | Date acquired | Source of acquisition | Total Checkouts | Full call number | Barcode | Date last seen | Cost, replacement price | Price effective from | Koha item type |
|---|---|---|---|---|---|---|---|---|---|---|---|---|---|---|---|
| School of Art Design and Architecture (SADA) | School of Art Design and Architecture (SADA) | 05/27/2021 | Multiline | 732.5 ASH 2018 | SADA0002883 | 03/04/2024 | 5209.20 | 03/04/2024 | Book |
